Statistics for Injustice 1 and 2 - All Fighters

Click here to take the quiz!

General Stats

  • This quiz has been taken 804 times
    (687 since last reset)
  • The average score is 59 of 82

Answer Stats

Name% Correct
Batman (Red Son)
99%
CEO Bruce Wayne/Batman
99%
Terrence 'Terry' McGinnis/Batman
99%
Thomas Wayne/Batman
99%
Kal-El/Clark Kent/Superman
97%
Kal-L/Superman
97%
Damian Wayne/Robin/Nightwing
94%
Harold 'Hal' Jordan/Green Lantern/Yellow Lantern/Green Light
94%
Princess Diana of Themyscira/Wonder Woman
94%
The Joker (deceased)
94%
Jonathan 'John' Stewart/Green Lantern
93%
Dr. Harleen Quinzel/Harley Quinn
92%
Jessica Cruz/Green Lantern
92%
King Arthur Curry of Atlantis/Aquaman/Orin
88%
Kara Zor-El/Supergirl/Karen Starr/Power Girl
87%
Victor Stone/Cyborg
87%
Det. Bartholomew 'Barry' Allen/The Flash
85%
Oliver Queen/Green Arrow
85%
Jason 'Jay' Garrick/The Flash
84%
Richard 'Dick' Grayson/Nightwing (deceased)
84%
William 'Billy' Batson/Shazam (deceased)
83%
Bane
82%
Emperor Teth Adam of Khandaq/Black Adam
82%
Floyd Lawton/Deadshot
82%
Thaal Sinestro
82%
Wallace 'Wally' West/The Flash
82%
Selina Kyle/Catwoman
81%
Slade Wilson/Deathstroke
81%
The Flash
81%
Princess Koriand'r of Tamaran/Starfire
79%
Grandmaster Kuai Liang of the Lin Kuei/Sub-Zero
78%
King Grodd of Gorilla City (deceased)
78%
Laurel Lance/Black Canary
77%
Leonard Snart/Cpt. Cold
77%
Lord Uxas of Apokolips/Darkseid
77%
Dr. Barbara Ann Minerva/Cheetah
76%
Grandmaster Hanzo Hasashi of the Shirai Ryu/Scorpion
76%
Dr. Pamela Isley/Poison Ivy
75%
Jaime Reyes/Blue Beetle
74%
Barbara 'Babs' Gordon/Batgirl
73%
Cassandra Cain/Batgirl
73%
Dr. Alec Holland/Swamp Thing
73%
Leonardo
73%
Vril Dox/Brainiac 1
72%
CEO Alexander 'Lex' Luthor (deceased)
71%
Dr. Jonathan Crane/The Scarecrow
71%
Rachel Roth/Raven
71%
Raiden the Lord of Thunder
71%
Donatello
70%
Jason Rusch/Firestorm
69%
Jason Todd/Arkham Knight/Red Hood
69%
J'onn J'onnz/John Jones/Martian Manhunter
69%
Prof. Martin Stein/Firestorm
69%
Raphael
69%
Atrocitus
67%
Cyrus Gold/Solomon Grundy (deceased)
67%
Prof. Eobard Thawne/Reverse-Flash
67%
Solomon Grundy (deceased)
67%
Anung Un Rama/Hellboy
66%
Doomsday
66%
Kent Nelson/Dr. Fate (deceased)
65%
Zatanna Zatara
64%
Dr. Louise Lincoln/Killer Frost
63%
Black Manta
62%
Michelangelo
61%
Ares the War God
60%
Dr. Victor Fries/Mr. Freeze
60%
Gen. Dru-Zod of Krypton
60%
Kendra Saunders/Hawkgirl
60%
Shiera Hall/Hawkgirl
60%
Shiera Sanders/Hawkgirl
60%
Lobo
57%
Dr. June Moone/The Enchantress
54%
Ryan Choi/The Atom
54%
Pres. Jefferson Pierce/Black Lightning
44%
Bizarro
40%
Marianne 'Mari' McCabe/Vixen
40%
Waylon Jones/Killer Croc
40%
Grid
35%
Virgil Hawkins/Static
29%
Henry 'Hank' Henshaw/Cyborg Superman
18%
Cpt. Sara Lance/White Canary
13%

Score Distribution

Percentile by Number Answered

Percent of People with Each Score

Your Score History

You have not taken this quiz since the last reset